Indie Games by Pictures #9 - Statistics

General Stats
  • This quiz has been taken 194 times
  • The average score is 8 of 20
Answer Stats
Picture Answer % Correct
Akinator
92%
60 Seconds!
65%
ARK: Survival Evolved
61%
PowerWash Simulator
61%
Slay The Princess
57%
The Escapists
54%
Chained Together
53%
Skribbl.io
52%
Poly Bridge
50%
Schedule I
39%
KinitoPET
32%
Yume Nikki
29%
Mr. Hopp's Playhouse
26%
We Become What We Behold
26%
Blasphemous
22%
Facade
18%
Nidhogg
17%
Everhood
16%
Jazzpunk
14%
Handless Millionaire
6%
No matching quizzes found
Score Distribution
Percent of People with Each Score
Percentile by Number Answered
Your Score History
You have not taken this quiz